| 000 | 00449cam a22001097a 4500 | ||
|---|---|---|---|
| 008 | 180718b1966 xxu||||| |||| 00| 0 eng d | ||
| 082 | _aW1234x54 In2 | ||
| 245 |
_aMemorandum explaning the proposals for adjustments in fares and freight rates for coaching and goods traffic _cby Ministry of Railways, Railways Board, India |
||
| 260 |
_aNew Delhi _bGovernment of India Press _c1966 |
||
| 300 | _a10p. | ||
| 700 | _aIndia.Railways Board.Ministry of Railways | ||
| 999 |
_c498573 _d498573 |
||